[Event "Kent Oliver mem."]
[Site "Winnipeg CAN"]
[Date "2008.01.12"]
[Round "2"]
[White "Greenberg, Harley"]
[Black "Prince, Colin"]
[Result "0-1"]
[WhiteElo "1820"]
[BlackElo "1894"]
[PlyCount "64"]
[GameId "2160767910549144"]
[EventDate "2008.01.11"]
[EventType "swiss"]
[EventRounds "5"]
[EventCountry "CAN"]
[SourceTitle "EXT 2011"]
[Source "ChessBase"]
[SourceDate "2011.11.26"]
[SourceVersion "1"]
[SourceVersionDate "2011.11.26"]
[SourceQuality "1"]

1. d4 c5 2. Nf3 e6 3. g3 Nf6 4. Bg2 Nc6 5. c4 d5 6. cxd5 exd5 7. O-O Be6 8. Nc3 Be7 9. Bg5 Nd7 10. Bxe7 Nxe7 11. dxc5 Nxc5 12. Qd4 Qb6 13. Qxg7 O-O-O 14. Rac1 Kb8 15. Nd4 Ng6 16. Nxe6 fxe6 17. Qd4 e5 18. Qd2 Ne4 19. Nxe4 dxe4 20. Qc2 e3 21. f4 Rd2 22. Qe4 exf4 23. Bf3 Rg8 24. Qc4 Rgd8 25. Bg4 a6 26. gxf4 R2d4 27. Qc3 Nxf4 28. Rxf4 Rxf4 29. Qe5+ Qd6 30. Rc8+ Ka7 31. Qxe3+ b6 32. Qg3 Qd1+ 0-1

[Event "Kent Oliver mem."]
[Site "Winnipeg CAN"]
[Date "2008.01.12"]
[Round "2"]
[White "Khedkar, Jay S"]
[Black "Einarsson, Ken"]
[Result "1-0"]
[WhiteElo "1880"]
[BlackElo "1666"]
[PlyCount "53"]
[GameId "2160767910549145"]
[EventDate "2008.01.11"]
[EventType "swiss"]
[EventRounds "5"]
[EventCountry "CAN"]
[SourceTitle "EXT 2011"]
[Source "ChessBase"]
[SourceDate "2011.11.26"]
[SourceVersion "1"]
[SourceVersionDate "2011.11.26"]
[SourceQuality "1"]

1. e4 e5 2. f4 d5 3. exd5 exf4 4. Nf3 Nf6 5. Bc4 Nxd5 6. O-O Be7 7. Qe2 Nc6 8. Nc3 Be6 9. d4 O-O 10. Nxd5 Bxd5 11. c3 Re8 12. Qd3 Bf6 13. Bxf4 Qd7 14. Bxd5 Qxd5 15. Bxc7 Re7 16. Bg3 Rae8 17. Rae1 Qxa2 18. Rxe7 Nxe7 19. Qb5 Rd8 20. Qxb7 Nd5 21. Ne5 Ne3 22. Re1 Nc2 23. Rc1 Ne3 24. Bf4 Nd5 25. Qxf7+ Kh8 26. Qe6 Qxb2 27. Nf7+ 1-0

[Event "Kent Oliver mem."]
[Site "Winnipeg CAN"]
[Date "2008.01.12"]
[Round "2"]
[White "Liu, Weixi"]
[Black "Lipnowski, Samuel"]
[Result "1/2-1/2"]
[WhiteElo "1922"]
[BlackElo "2290"]
[PlyCount "63"]
[GameId "2160767910549146"]
[EventDate "2008.01.11"]
[EventType "swiss"]
[EventRounds "5"]
[EventCountry "CAN"]
[SourceTitle "EXT 2011"]
[Source "ChessBase"]
[SourceDate "2011.11.26"]
[SourceVersion "1"]
[SourceVersionDate "2011.11.26"]
[SourceQuality "1"]

1. d4 d5 2. c4 c6 3. Nf3 Nf6 4. Nc3 dxc4 5. a4 Bf5 6. e3 e6 7. Bxc4 Bb4 8. O-O Nbd7 9. Nh4 Bg6 10. Nxg6 hxg6 11. Qb3 Qc7 12. f4 a5 13. e4 Qb6 14. Ne2 O-O-O 15. e5 Nd5 16. Bxd5 cxd5 17. Bd2 Bxd2 18. Qc2+ Kb8 19. Qxd2 Rc8 20. Rfc1 Rxc1+ 21. Rxc1 Rc8 22. Rxc8+ Kxc8 23. h3 Qb4 24. Qc3+ Kd8 25. b3 Nb8 26. Qxb4 axb4 27. Kf2 b5 28. axb5 Kc7 29. Ke3 Kb6 30. Kd3 Kxb5 31. Ke3 Nc6 32. Kd3 1/2-1/2

[Event "Kent Oliver mem."]
[Site "Winnipeg CAN"]
[Date "2008.01.12"]
[Round "2"]
[White "Nikouline, Alexandre"]
[Black "Bince, Rolando"]
[Result "1-0"]
[WhiteElo "2109"]
[BlackElo "1909"]
[PlyCount "89"]
[GameId "2160767910549147"]
[EventDate "2008.01.11"]
[EventType "swiss"]
[EventRounds "5"]
[EventCountry "CAN"]
[SourceTitle "EXT 2011"]
[Source "ChessBase"]
[SourceDate "2011.11.26"]
[SourceVersion "1"]
[SourceVersionDate "2011.11.26"]
[SourceQuality "1"]

1. e4 c5 2. Nf3 Nc6 3. d4 cxd4 4. Nxd4 Nf6 5. Nc3 d6 6. Bg5 Qa5 7. Bxf6 gxf6 8. Qd2 Nxd4 9. Qxd4 Bd7 10. O-O-O Rc8 11. Kb1 Qc5 12. Qxc5 Rxc5 13. f4 Rg8 14. g3 a6 15. Nd5 b5 16. b4 Rc8 17. a4 Bc6 18. Bh3 Rb8 19. a5 Bg7 20. Rhe1 e6 21. Nb6 Ke7 22. f5 Bh6 23. Rd3 Rb7 24. Re2 Rd8 25. Rc3 Be8 26. Bg2 Bg5 27. e5 d5 28. h4 Bh6 29. fxe6 fxe6 30. exf6+ Kf7 31. Bh3 Bf8 32. Bxe6+ Kxf6 33. Nxd5+ Kg6 34. Rc8 Rb8 35. Rxb8 Rxb8 36. Nc7 Bd6 37. Nxa6 Ra8 38. Bc8 Bf7 39. Bb7 Ra7 40. Rd2 Be5 41. Rd7 Kf6 42. g4 Bd5 43. Rxd5 Rxb7 44. Nc5 Bg3 45. Nxb7 1-0

[Event "Kent Oliver mem."]
[Site "Winnipeg CAN"]
[Date "2008.01.12"]
[Round "2"]
[White "Remillard, John"]
[Black "Gibbons, Lorne"]
[Result "1-0"]
[WhiteElo "1641"]
[BlackElo "1273"]
[PlyCount "39"]
[GameId "2160767910549148"]
[EventDate "2008.01.11"]
[EventType "swiss"]
[EventRounds "5"]
[EventCountry "CAN"]
[SourceTitle "EXT 2011"]
[Source "ChessBase"]
[SourceDate "2011.11.26"]
[SourceVersion "1"]
[SourceVersionDate "2011.11.26"]
[SourceQuality "1"]

1. e4 e6 2. Nf3 g6 3. Bc4 Bg7 4. O-O Ne7 5. d4 O-O 6. c3 Nbc6 7. Bg5 f6 8. Bh4 d5 9. exd5 exd5 10. Bd3 Bf5 11. Re1 Bg4 12. Nbd2 h6 13. Qc2 f5 14. Bxe7 Nxe7 15. Ne5 Bxe5 16. Rxe5 Nc6 17. Ree1 Qg5 18. Be2 Rf6 19. Nf3 Qf4 20. Qb3 1-0

[Event "Kent Oliver mem."]
[Site "Winnipeg CAN"]
[Date "2008.01.12"]
[Round "3"]
[White "Bince, Rolando"]
[Black "Liu, Weixi"]
[Result "1/2-1/2"]
[WhiteElo "1909"]
[BlackElo "1922"]
[PlyCount "79"]
[GameId "2160767910549149"]
[EventDate "2008.01.11"]
[EventType "swiss"]
[EventRounds "5"]
[EventCountry "CAN"]
[SourceTitle "EXT 2011"]
[Source "ChessBase"]
[SourceDate "2011.11.26"]
[SourceVersion "1"]
[SourceVersionDate "2011.11.26"]
[SourceQuality "1"]

1. e4 e6 2. d4 d5 3. Nd2 Nc6 4. c3 e5 5. exd5 Qxd5 6. Ngf3 exd4 7. Bc4 Qh5 8. O-O Bd6 9. Ne4 Be6 10. Nxd6+ cxd6 11. Bxe6 fxe6 12. Qb3 O-O-O 13. Qxe6+ Kb8 14. cxd4 Nf6 15. Bf4 Rhe8 16. Qc4 Re4 17. Bg3 Ka8 18. Rfe1 d5 19. Qc3 Qe8 20. Ng5 Rxe1+ 21. Rxe1 Qg6 22. Ne6 Ne4 23. Nc7+ Kb8 24. Rxe4 Qxe4 25. h3 Kc8 26. Nb5 Kd7 27. Kh2 Ke6 28. f3 Qe2 29. Qc5 Qxb2 30. Bh4 Rd7 31. a3 a6 32. Qf8 Qxb5 33. Qg8+ Rf7 34. Qc8+ Rd7 35. Qg8+ Rf7 36. Qc8+ Kd6 37. Bg3+ Ke7 38. Bh4+ Rf6 39. Qg8 Kd6 40. Bg3+ 1/2-1/2

[Event "Kent Oliver mem."]
[Site "Winnipeg CAN"]
[Date "2008.01.12"]
[Round "3"]
[White "Einarsson, Ken"]
[Black "Desjarlais, Kevin"]
[Result "1-0"]
[WhiteElo "1666"]
[BlackElo "1513"]
[PlyCount "77"]
[GameId "2160767910549150"]
[EventDate "2008.01.11"]
[EventType "swiss"]
[EventRounds "5"]
[EventCountry "CAN"]
[SourceTitle "EXT 2011"]
[Source "ChessBase"]
[SourceDate "2011.11.26"]
[SourceVersion "1"]
[SourceVersionDate "2011.11.26"]
[SourceQuality "1"]

1. d4 e6 2. c4 Nf6 3. Nc3 Bb4 4. Bg5 O-O 5. a3 Bxc3+ 6. bxc3 b6 7. Nf3 Ba6 8. e3 d6 9. Bd3 Nbd7 10. Qc2 c5 11. Bxh7+ Kh8 12. Be4 Rc8 13. Qa4 Qc7 14. Bd3 Bb7 15. O-O Be4 16. Be2 Nh7 17. Bf4 e5 18. dxe5 dxe5 19. Bg3 Nhf6 20. Rfd1 Rcd8 21. Rd2 Nb8 22. Bxe5 Qc6 23. Qxc6 Nxc6 24. Bxf6 gxf6 25. Rad1 Rxd2 26. Rxd2 Rd8 27. Rxd8+ Nxd8 28. Nd2 Bf5 29. e4 Be6 30. g4 Nc6 31. f4 Kg7 32. Kf2 Kh6 33. Ke3 Nd8 34. h4 Nc6 35. g5+ fxg5 36. hxg5+ Kg7 37. f5 Bd7 38. Bg4 Ne7 39. f6+ 1-0

[Event "Kent Oliver mem."]
[Site "Winnipeg CAN"]
[Date "2008.01.12"]
[Round "3"]
[White "Gannon, Keith"]
[Black "Atem, James"]
[Result "0-1"]
[WhiteElo "1681"]
[BlackElo "1842"]
[PlyCount "110"]
[GameId "2160767910549151"]
[EventDate "2008.01.11"]
[EventType "swiss"]
[EventRounds "5"]
[EventCountry "CAN"]
[SourceTitle "EXT 2011"]
[Source "ChessBase"]
[SourceDate "2011.11.26"]
[SourceVersion "1"]
[SourceVersionDate "2011.11.26"]
[SourceQuality "1"]

1. e4 d6 2. d4 g6 3. Nf3 Bg7 4. c4 Bg4 5. Be2 c6 6. O-O Nf6 7. Nc3 O-O 8. Re1 Qc7 9. a3 a6 10. h3 Bd7 11. Be3 b5 12. cxb5 cxb5 13. Rc1 Qb7 14. Bd3 Nc6 15. Qd2 e5 16. d5 Na5 17. Qe2 Nb3 18. Rcd1 Rfc8 19. Qc2 Nc5 20. Bxc5 Rxc5 21. Qe2 Nh5 22. Bb1 Nf4 23. Qf1 b4 24. axb4 Qxb4 25. Rd2 Rxc3 26. bxc3 Qxc3 27. Re3 Qb4 28. Ra2 Bb5 29. Qe1 Qc5 30. Kh2 Qc8 31. Rc3 Qd7 32. Rac2 Nd3 33. Qe3 Nc5 34. Ne1 Rb8 35. Qc1 h5 36. f3 Qe7 37. Ba2 Kh7 38. Bc4 Bh6 39. Qb2 Na4 40. Qb4 Nxc3 41. Qxc3 Rc8 42. Qb3 Bxc4 43. Rxc4 Rxc4 44. Qxc4 Qa7 45. Nd3 a5 46. Qc6 Bf8 47. Nb2 h4 48. Na4 Bh6 49. Qxd6 Bf4+ 50. Kh1 Qd4 51. g3 Qd1+ 52. Kg2 Qe2+ 53. Kg1 Be3+ 54. Kh1 Qf1+ 55. Kh2 Qg1# 0-1

[Event "Kent Oliver mem."]
[Site "Winnipeg CAN"]
[Date "2008.01.12"]
[Round "3"]
[White "Goodman, Clifford"]
[Black "Green, Jim"]
[Result "1/2-1/2"]
[WhiteElo "1537"]
[BlackElo "1701"]
[PlyCount "84"]
[GameId "2160767910549152"]
[EventDate "2008.01.11"]
[EventType "swiss"]
[EventRounds "5"]
[EventCountry "CAN"]
[SourceTitle "EXT 2011"]
[Source "ChessBase"]
[SourceDate "2011.11.26"]
[SourceVersion "1"]
[SourceVersionDate "2011.11.26"]
[SourceQuality "1"]

1. c4 c6 2. Nf3 g6 3. g3 Nf6 4. b3 Bg7 5. Bb2 O-O 6. Bg2 e6 7. O-O d5 8. d3 Nbd7 9. Nbd2 Re8 10. Ne5 Nxe5 11. Bxe5 Nd7 12. Bxg7 Kxg7 13. e4 d4 14. f4 e5 15. f5 f6 16. Qg4 Qe7 17. Qh4 g5 18. Qh3 Rh8 19. g4 Nc5 20. Rf3 Bd7 21. Nf1 a5 22. Ng3 Be8 23. Nh5+ Bxh5 24. Qxh5 Qf7 25. Qxf7+ Kxf7 26. Rh3 Na6 27. a3 Kg7 28. Kf2 Nc5 29. Rb1 a4 30. b4 Nd7 31. Rh5 b5 32. c5 h6 33. Rh1 Rh7 34. h4 Rah8 35. hxg5 hxg5 36. Rxh7+ Rxh7 37. Rxh7+ Kxh7 38. Bf3 Kg7 39. Bd1 Kf7 40. Bc2 Ke7 41. Bb1 Kd8 42. Ba2 Ke7 1/2-1/2

[Event "Kent Oliver mem."]
[Site "Winnipeg CAN"]
[Date "2008.01.12"]
[Round "3"]
[White "Kaptsan, Aron"]
[Black "Nikouline, Alexandre"]
[Result "0-1"]
[WhiteElo "1985"]
[BlackElo "2109"]
[PlyCount "94"]
[GameId "2160767910549153"]
[EventDate "2008.01.11"]
[EventType "swiss"]
[EventRounds "5"]
[EventCountry "CAN"]
[SourceTitle "EXT 2011"]
[Source "ChessBase"]
[SourceDate "2011.11.26"]
[SourceVersion "1"]
[SourceVersionDate "2011.11.26"]
[SourceQuality "1"]

1. e4 c5 2. Nf3 Nc6 3. c3 d5 4. exd5 Qxd5 5. d4 Nf6 6. Be2 Bf5 7. c4 Qd6 8. d5 Nb4 9. Na3 a6 10. O-O e6 11. Nh4 Bg6 12. dxe6 Qxe6 13. Nxg6 hxg6 14. Bf3 Rd8 15. Qa4+ b5 16. cxb5 Bd6 17. bxa6+ Kf8 18. Rd1 Bxh2+ 19. Kf1 Rxd1+ 20. Qxd1 Qxa6+ 21. Be2 Qd6 22. Qxd6+ Bxd6 23. g3 Rh1+ 24. Kg2 Re1 25. Bc4 Be5 26. Rb1 Rxc1 27. Rxc1 Bxb2 28. Rd1 Bxa3 29. Rd8+ Ke7 30. Ra8 Bb2 31. Ra7+ Kd6 32. Rxf7 Nfd5 33. a4 Nb6 34. Bb5 c4 35. a5 Kc5 36. Be8 N6d5 37. Rf8 Ne7 38. Ba4 Nbc6 39. a6 Kb6 40. Rf4 Bd4 41. Kf3 Kxa6 42. Ke2 Ka5 43. Bc2 Kb4 44. Kd2 Bf6 45. Re4 Nd4 46. f4 Nxc2 47. Kxc2 Nc6 0-1

[Event "Kent Oliver mem."]
[Site "Winnipeg CAN"]
[Date "2008.01.12"]
[Round "3"]
[White "Letain, Cory"]
[Black "Crawford, Gary"]
[Result "1-0"]
[WhiteElo "1362"]
[BlackElo "1336"]
[PlyCount "127"]
[GameId "2160767910549154"]
[EventDate "2008.01.11"]
[EventType "swiss"]
[EventRounds "5"]
[EventCountry "CAN"]
[SourceTitle "EXT 2011"]
[Source "ChessBase"]
[SourceDate "2011.11.26"]
[SourceVersion "1"]
[SourceVersionDate "2011.11.26"]
[SourceQuality "1"]

1. d4 d5 2. c4 c6 3. Nf3 dxc4 4. e4 Nf6 5. Nc3 b5 6. Qc2 g6 7. g3 Bg7 8. Bg2 O-O 9. Bf4 Bb7 10. a3 Nbd7 11. O-O Nb6 12. Rad1 e6 13. Rfe1 Nh5 14. Be3 Qe7 15. e5 Bh8 16. g4 Ng7 17. Ne4 Ne8 18. Bh6 Bg7 19. Qd2 Nd5 20. Bg5 Qd7 21. Nc5 Qc8 22. Nh4 Nec7 23. Bxd5 cxd5 24. Bf6 a5 25. Qf4 Na6 26. Nxa6 Rxa6 27. Bxg7 Kxg7 28. Qf6+ Kg8 29. Re3 Qd8 30. g5 Qxf6 31. gxf6 b4 32. f4 Rc8 33. Ng2 c3 34. bxc3 Rxc3 35. Rxc3 bxc3 36. Ne3 Rb6 37. Kf2 Ba6 38. f5 Rb2+ 39. Kg3 c2 40. Nxc2 Rxc2 41. Rb1 Rc8 42. Rb6 gxf5 43. Rxa6 h5 44. Rxa5 Rc4 45. Ra8+ Kh7 46. Rf8 Rc7 47. a4 Ra7 48. Kh4 Rb7 49. Kxh5 f4 50. Kg4 f3 51. Kxf3 Kg6 52. Rg8+ Kf5 53. h4 Rb3+ 54. Kg2 Rb2+ 55. Kh3 Rb3+ 56. Rg3 Rb4 57. h5 Rxa4 58. h6 Ra8 59. Kh4 Rh8 60. Kh5 Ke4 61. Rg4+ Kd3 62. Rg7 Rf8 63. h7 Kxd4 64. Rg8 1-0

[Event "Kent Oliver mem."]
[Site "Winnipeg CAN"]
[Date "2008.01.12"]
[Round "3"]
[White "Lipnowski, Samuel"]
[Black "Khedkar, Jay S"]
[Result "1-0"]
[WhiteElo "2290"]
[BlackElo "1880"]
[PlyCount "119"]
[GameId "2160767910549155"]
[EventDate "2008.01.11"]
[EventType "swiss"]
[EventRounds "5"]
[EventCountry "CAN"]
[SourceTitle "EXT 2011"]
[Source "ChessBase"]
[SourceDate "2011.11.26"]
[SourceVersion "1"]
[SourceVersionDate "2011.11.26"]
[SourceQuality "1"]

1. e4 e5 2. Nf3 Nf6 3. Nxe5 d6 4. Nf3 Nxe4 5. d4 d5 6. Bd3 Nc6 7. O-O Bg4 8. c3 Be7 9. Re1 Nf6 10. Bf4 O-O 11. Nbd2 Bd6 12. Bg5 h6 13. Bxf6 Qxf6 14. Qb3 Rad8 15. Rab1 b6 16. Qa4 a5 17. Bb5 Ne7 18. Ne5 Bxe5 19. dxe5 Qg5 20. f4 Qh4 21. g3 Qh5 22. Nf1 Nf5 23. Ne3 d4 24. Nxg4 Qxg4 25. Bd7 dxc3 26. bxc3 Qf3 27. Qc6 Qxc6 28. Bxc6 Ne7 29. Bb5 Rd2 30. Re2 Rfd8 31. Rb2 Rxb2 32. Rxb2 Rd1+ 33. Kf2 Nd5 34. Rc2 Rh1 35. Kf3 Re1 36. Rd2 Nxc3 37. Rd8+ Kh7 38. Bd3+ g6 39. Rd7 Kg7 40. Bc4 c6 41. Rxf7+ Kh8 42. Bd3 g5 43. Rh7+ Kg8 44. Rxh6 gxf4 45. gxf4 Nd5 46. Bc4 b5 47. Bxd5+ cxd5 48. Rd6 b4 49. Rxd5 a4 50. Rb5 Rb1 51. Kg4 a3 52. Ra5 Rb2 53. Ra4 Rxa2 54. Rxb4 Rxh2 55. Ra4 a2 56. Kf5 Kf7 57. Ra7+ Ke8 58. Ke6 Rh6+ 59. Kd5 Rh2 60. f5 1-0

[Event "Kent Oliver mem."]
[Site "Winnipeg CAN"]
[Date "2008.01.12"]
[Round "3"]
[White "Prince, Colin"]
[Black "Rutter, Blair"]
[Result "1-0"]
[WhiteElo "1894"]
[BlackElo "1828"]
[PlyCount "61"]
[GameId "2160767910549156"]
[EventDate "2008.01.11"]
[EventType "swiss"]
[EventRounds "5"]
[EventCountry "CAN"]
[SourceTitle "EXT 2011"]
[Source "ChessBase"]
[SourceDate "2011.11.26"]
[SourceVersion "1"]
[SourceVersionDate "2011.11.26"]
[SourceQuality "1"]

1. e4 e6 2. d4 d5 3. e5 c5 4. c3 Nc6 5. Nf3 Bd7 6. Bd3 Nge7 7. Be3 Qb6 8. Qd2 Ng6 9. O-O Rc8 10. a4 Na5 11. Bc2 Nc4 12. Qd1 Qxb2 13. Nbd2 Nxe3 14. fxe3 Qxc3 15. Re1 cxd4 16. Rc1 dxe3 17. Nb3 Ba3 18. Bxg6 Bxc1 19. Bxf7+ Kxf7 20. Nxc1 Rhf8 21. Nd3 d4 22. Nf4 Rfd8 23. Nxd4 g6 24. Rf1 Kg7 25. Nfxe6+ Bxe6 26. Nxe6+ Kh6 27. Nxd8 Qd2 28. Nf7+ Kg7 29. Qf3 Rc6 30. Nd6 e2 31. Qf8# 1-0

[Event "Kent Oliver mem."]
[Site "Winnipeg CAN"]
[Date "2008.01.12"]
[Round "3"]
[White "Remillard, John"]
[Black "Greenberg, Harley"]
[Result "1-0"]
[WhiteElo "1641"]
[BlackElo "1820"]
[PlyCount "47"]
[GameId "2160767910549157"]
[EventDate "2008.01.11"]
[EventType "swiss"]
[EventRounds "5"]
[EventCountry "CAN"]
[SourceTitle "EXT 2011"]
[Source "ChessBase"]
[SourceDate "2011.11.26"]
[SourceVersion "1"]
[SourceVersionDate "2011.11.26"]
[SourceQuality "1"]

1. e4 c5 2. Nf3 Nc6 3. c3 Nf6 4. Qc2 e5 5. Bb5 a6 6. Bxc6 bxc6 7. Nxe5 Qc7 8. Nf3 d6 9. d4 Bg4 10. Bg5 Be7 11. Nbd2 O-O 12. O-O h6 13. Bh4 Rfe8 14. dxc5 dxc5 15. Bg3 Qc8 16. Ne5 Bh5 17. Ndc4 Rb8 18. f3 Rb7 19. Qa4 Nd7 20. Nxd7 Rxd7 21. Rad1 Red8 22. Ne5 Rd2 23. Nxc6 Qe6 24. Nxd8 1-0

[Event "Kent Oliver mem."]
[Site "Winnipeg CAN"]
[Date "2008.01.13"]
[Round "4"]
[White "Atem, James"]
[Black "Prince, Colin"]
[Result "0-1"]
[WhiteElo "1842"]
[BlackElo "1894"]
[PlyCount "68"]
[GameId "2160767910549158"]
[EventDate "2008.01.11"]
[EventType "swiss"]
[EventRounds "5"]
[EventCountry "CAN"]
[SourceTitle "EXT 2011"]
[Source "ChessBase"]
[SourceDate "2011.11.26"]
[SourceVersion "1"]
[SourceVersionDate "2011.11.26"]
[SourceQuality "1"]

1. d4 Nf6 2. Nf3 c5 3. e3 e6 4. Be2 d5 5. O-O Nbd7 6. c3 Bd6 7. Bb5 O-O 8. g3 Ne4 9. Bd3 f5 10. Nbd2 Ndf6 11. Be2 Bd7 12. Nh4 Rc8 13. f3 Ng5 14. Nb1 Nf7 15. b3 Be7 16. Ng2 e5 17. Bb2 e4 18. dxc5 Bxc5 19. fxe4 fxe4 20. c4 Ng5 21. cxd5 Bh3 22. Qd2 Nxd5 23. Qxd5+ Qxd5 24. Bc4 Bxe3+ 25. Nxe3 Rxf1+ 26. Bxf1 Qc5 27. Bc4+ Kh8 28. Kf2 Rf8+ 29. Ke2 Rf3 30. Bc1 Qd4 31. Nc3 Qxc3 32. Rb1 Rxe3+ 33. Bxe3 Bg4+ 34. Kf1 Qxe3 0-1

[Event "Kent Oliver mem."]
[Site "Winnipeg CAN"]
[Date "2008.01.13"]
[Round "4"]
[White "Gannon, Keith"]
[Black "Bince, Rolando"]
[Result "0-1"]
[WhiteElo "1681"]
[BlackElo "1909"]
[PlyCount "50"]
[GameId "2160767910549159"]
[EventDate "2008.01.11"]
[EventType "swiss"]
[EventRounds "5"]
[EventCountry "CAN"]
[SourceTitle "EXT 2011"]
[Source "ChessBase"]
[SourceDate "2011.11.26"]
[SourceVersion "1"]
[SourceVersionDate "2011.11.26"]
[SourceQuality "1"]

1. e4 d5 2. exd5 Qxd5 3. Nc3 Qa5 4. Nf3 Bg4 5. Be2 Nc6 6. O-O O-O-O 7. d3 Bxf3 8. Bxf3 Nd4 9. Be3 e5 10. a3 Qc5 11. Re1 f5 12. Bg5 Be7 13. Bxe7 Nxe7 14. Rc1 Ng6 15. Na4 Qa5 16. b3 Nh4 17. Be2 Qd5 18. f3 f4 19. Nb2 Nhf5 20. c4 Qa5 21. Na4 Ne3 22. b4 Qa6 23. Nc5 Qg6 24. Bf1 Nxd1 25. Rcxd1 Nxf3+ 0-1

[Event "Kent Oliver mem."]
[Site "Winnipeg CAN"]
[Date "2008.01.13"]
[Round "4"]
[White "Green, Jim"]
[Black "Kaptsan, Aron"]
[Result "0-1"]
[WhiteElo "1701"]
[BlackElo "1985"]
[PlyCount "81"]
[GameId "2160767910549160"]
[EventDate "2008.01.11"]
[EventType "swiss"]
[EventRounds "5"]
[EventCountry "CAN"]
[SourceTitle "EXT 2011"]
[Source "ChessBase"]
[SourceDate "2011.11.26"]
[SourceVersion "1"]
[SourceVersionDate "2011.11.26"]
[SourceQuality "1"]

1. e4 e5 2. Nf3 Nc6 3. Bb5 a6 4. Ba4 Nf6 5. O-O Be7 6. Re1 b5 7. Bb3 d6 8. c3 O-O 9. d4 Bg4 10. d5 Na5 11. Bc2 Nc4 12. Nbd2 Nxd2 13. Bxd2 Qd7 14. a4 c6 15. dxc6 Qxc6 16. h3 Bh5 17. Qe2 Rfc8 18. g4 Bg6 19. Nh4 b4 20. Nf5 Bxf5 21. exf5 Nd7 22. Be4 d5 23. Bg2 Rab8 24. g5 bxc3 25. Bxc3 Bxg5 26. Qg4 Bf6 27. Rac1 Qd6 28. Qe2 d4 29. Ba5 Nc5 30. Red1 Nxa4 31. Rxc8+ Rxc8 32. Bb7 Rb8 33. Bxa6 Nxb2 34. Rc1 d3 35. Bxd3 Nxd3 36. Rd1 Qd5 37. Rxd3 Qxa5 38. Qe4 h6 39. Kg2 Rd8 40. Rf3 Rd1 41. Qc2 0-1

[Event "Kent Oliver mem."]
[Site "Winnipeg CAN"]
[Date "2008.01.13"]
[Round "4"]
[White "Greenberg, Harley"]
[Black "Letain, Cory"]
[Result "1-0"]
[WhiteElo "1820"]
[BlackElo "1362"]
[PlyCount "119"]
[GameId "2160767910549161"]
[EventDate "2008.01.11"]
[EventType "swiss"]
[EventRounds "5"]
[EventCountry "CAN"]
[SourceTitle "EXT 2011"]
[Source "ChessBase"]
[SourceDate "2011.11.26"]
[SourceVersion "1"]
[SourceVersionDate "2011.11.26"]
[SourceQuality "1"]

1. d4 Nf6 2. c4 c5 3. Nf3 g6 4. g3 Bg7 5. Bg2 O-O 6. O-O d6 7. Nc3 Nc6 8. e4 Bg4 9. dxc5 dxc5 10. Qxd8 Rfxd8 11. e5 Bxf3 12. Bxf3 Nxe5 13. Bxb7 Rab8 14. Bg2 Nxc4 15. Bf4 e5 16. Bg5 h6 17. Bxf6 Bxf6 18. Nd5 Kg7 19. b3 Nb6 20. Nxf6 Kxf6 21. Rac1 Rbc8 22. Rfd1 Rxd1+ 23. Rxd1 c4 24. bxc4 Rxc4 25. Rd2 Rc1+ 26. Bf1 Nc4 27. Rd8 Ra1 28. Kg2 Nb6 29. Rd2 e4 30. Bb5 Ke5 31. Be8 Nc4 32. Rc2 Nd6 33. Ba4 f5 34. Bb3 Re1 35. Rc5+ Kd4 36. Rd5+ Kc3 37. Rxd6 Re2 38. Rxg6 e3 39. Kf3 Rxf2+ 40. Kxe3 Rxh2 41. Rf6 Rh3 42. Kf4 h5 43. Rxf5 h4 44. Rh5 Rxg3 45. Rxh4 Rd3 46. Ke5 Re3+ 47. Kd5 Rd3+ 48. Kc5 Re3 49. Rc4+ Kb2 50. Kb5 Re5+ 51. Ka6 Re7 52. Rc8 Ka3 53. Rb8 Rc7 54. Rb7 Rxb7 55. Kxb7 a5 56. Kb6 a4 57. Be6 Kb4 58. Bd5 a3 59. Be6 Ka4 60. Kc5 1-0

[Event "Kent Oliver mem."]
[Site "Winnipeg CAN"]
[Date "2008.01.13"]
[Round "4"]
[White "Khedkar, Jay S"]
[Black "Goodman, Clifford"]
[Result "1-0"]
[WhiteElo "1880"]
[BlackElo "1537"]
[PlyCount "61"]
[GameId "2160767910549162"]
[EventDate "2008.01.11"]
[EventType "swiss"]
[EventRounds "5"]
[EventCountry "CAN"]
[SourceTitle "EXT 2011"]
[Source "ChessBase"]
[SourceDate "2011.11.26"]
[SourceVersion "1"]
[SourceVersionDate "2011.11.26"]
[SourceQuality "1"]

1. e4 c5 2. Nf3 Nc6 3. d4 cxd4 4. Nxd4 g6 5. Be3 Bg7 6. Nc3 d6 7. Be2 Nf6 8. Nb3 a6 9. a4 Qc7 10. f4 O-O 11. O-O Bd7 12. a5 Rfd8 13. Bb6 Qb8 14. Bxd8 Nxd8 15. Nd4 Qa7 16. Kh1 Nxe4 17. Nxe4 Bxd4 18. c3 Bg7 19. Qb3 Be6 20. Bc4 Rc8 21. Bxe6 Nxe6 22. f5 gxf5 23. Rxf5 Nd8 24. Raf1 Kh8 25. Ng5 Bf6 26. Nxf7+ Nxf7 27. Qxf7 Rg8 28. Rxf6 exf6 29. Qxf6+ Rg7 30. Qd8+ Rg8 31. Rf8 1-0

[Event "Kent Oliver mem."]
[Site "Winnipeg CAN"]
[Date "2008.01.13"]
[Round "4"]
[White "Liu, Weixi"]
[Black "Remillard, John"]
[Result "1/2-1/2"]
[WhiteElo "1922"]
[BlackElo "1641"]
[PlyCount "103"]
[GameId "2160767910549163"]
[EventDate "2008.01.11"]
[EventType "swiss"]
[EventRounds "5"]
[EventCountry "CAN"]
[SourceTitle "EXT 2011"]
[Source "ChessBase"]
[SourceDate "2011.11.26"]
[SourceVersion "1"]
[SourceVersionDate "2011.11.26"]
[SourceQuality "1"]

1. d4 Nf6 2. c4 g6 3. Nc3 Bg7 4. e4 O-O 5. f3 d6 6. Be3 e5 7. d5 Ne8 8. Qd2 f5 9. Bg5 Qd7 10. O-O-O fxe4 11. fxe4 Na6 12. Nge2 Nc5 13. h3 Bf6 14. Be3 Na4 15. g4 Nxc3 16. Nxc3 Bh4 17. Be2 Bf2 18. Rdf1 Bxe3 19. Rxf8+ Kxf8 20. Qxe3 c5 21. g5 Kg7 22. h4 Nc7 23. h5 Qe7 24. Nd1 Bd7 25. Nf2 Rf8 26. Nd3 b5 27. b3 bxc4 28. bxc4 Na6 29. a3 Nc7 30. h6+ Kg8 31. Rf1 Na8 32. Rxf8+ Kxf8 33. Nf2 Nb6 34. Kc2 Qf7 35. Kb3 a5 36. Qf3 Bc8 37. Qxf7+ Kxf7 38. Bg4 Ba6 39. Be2 a4+ 40. Kc2 Bc8 41. Nd3 Bh3 42. Nb2 Bd7 43. Kd3 Ke7 44. Ke3 Kf7 45. Bd1 Ke7 46. Kf2 Kf7 47. Kg3 Ke7 48. Bg4 Bxg4 49. Kxg4 Kf7 50. Kf3 Ke7 51. Nd1 Kf7 52. Ne3 1/2-1/2

[Event "Kent Oliver mem."]
[Site "Winnipeg CAN"]
[Date "2008.01.13"]
[Round "4"]
[White "Nikouline, Alexandre"]
[Black "Lipnowski, Samuel"]
[Result "0-1"]
[WhiteElo "2109"]
[BlackElo "2290"]
[PlyCount "72"]
[GameId "2160767910549164"]
[EventDate "2008.01.11"]
[EventType "swiss"]
[EventRounds "5"]
[EventCountry "CAN"]
[SourceTitle "EXT 2011"]
[Source "ChessBase"]
[SourceDate "2011.11.26"]
[SourceVersion "1"]
[SourceVersionDate "2011.11.26"]
[SourceQuality "1"]

1. e4 c5 2. Nf3 d6 3. d4 cxd4 4. Nxd4 Nf6 5. Nc3 a6 6. Bg5 e6 7. f4 Qb6 8. Qd2 Qxb2 9. Rb1 Qa3 10. e5 h6 11. Bh4 dxe5 12. fxe5 Nfd7 13. Ne4 Qxa2 14. Rd1 Qd5 15. Qe3 Qxe5 16. Be2 Bc5 17. Bg3 Bxd4 18. Rxd4 Qa5+ 19. Rd2 O-O 20. Bd6 Rd8 21. Qg3 Qf5 22. Be5 Qg6 23. Qh4 Nc6 24. Bh5 Qf5 25. Bc3 g5 26. Bxf7+ Kh7 27. Bxe6 Qxe6 28. Rd6 gxh4 29. Rxe6 Nc5 30. Nf6+ Kg6 31. Re3 Bf5 32. O-O Bxc2 33. Rf4 Rd1+ 34. Kf2 Nd3+ 35. Rxd3 Rxd3 36. Ne4 Rxc3 0-1